技術史を拓いた人々(1)
Wedi'i Gadw mewn:
| Awdur Corfforaethol: | |
|---|---|
| Fformat: | Llyfr |
| Iaith: | Undetermined |
| Cyhoeddwyd: |
東京
日刊工業新聞社
1984
|
| Pynciau: | |
| Tagiau: |
Ychwanegu Tag
Dim Tagiau, Byddwch y cyntaf i dagio'r cofnod hwn!
|
| Thư viện lưu trữ: | Trung tâm Học liệu Trường Đại học Cần Thơ |
|---|
| LEADER | 00530nam a2200193Ia 4500 | ||
|---|---|---|---|
| 001 | CTU_89109 | ||
| 008 | 210402s9999 xx 000 0 und d | ||
| 082 | |a 507.2 | ||
| 082 | |b N692 | ||
| 110 | |a 日刊工業新聞社 | ||
| 245 | 0 | |a 技術史を拓いた人々(1) | |
| 245 | 0 | |c 日刊工業新聞社 | |
| 260 | |a 東京 | ||
| 260 | |b 日刊工業新聞社 | ||
| 260 | |c 1984 | ||
| 650 | |a Research,Science technology | ||
| 650 | |x Technology,Japan | ||
| 904 | |i Ngoc | ||
| 980 | |a Trung tâm Học liệu Trường Đại học Cần Thơ | ||